[Event "Titled Tue 24th Jun Late"]
[Site "chess.com INT"]
[Date "2025.06.24"]
[Round "8"]
[White "Bongo Akanga Ndjila, Barthelemy"]
[Black "Krzywda, Andrzej"]
[Result "1-0"]
[WhiteTitle "CM"]
[BlackTitle "CM"]
[WhiteElo "1847"]
[BlackElo "2175"]
[WhiteFideId "10609431"]
[BlackFideId "1114565"]
[EventDate "2025.06.24"]

1. d4 Nf6 2. Nf3 c5 3. e3 g6 4. Bd3 Bg7 5. O-O O-O 6. c3 d6 7. dxc5 dxc5 8. e4
Bg4 9. h3 Bxf3 10. Qxf3 Nc6 11. Bc2 Nd7 12. Rd1 Qc8 13. Nd2 Nde5 14. Qe2 Rd8 15.
Nc4 Rxd1+ 16. Bxd1 Nxc4 17. Qxc4 Ne5 18. Qb5 a6 19. Qb6 Qd7 20. Be2 c4 21. Be3
Rd8 22. Rd1 Nd3 23. b3 Qd6 24. Qa5 Qb8 25. bxc4 b6 26. Bxb6 Bxc3 27. Qxc3 Qxb6
28. Rxd3 Rc8 29. Rd7 e6 30. Qf6 Rf8 31. g3 Qb1+ 32. Kg2 Qxe4+ 33. Bf3 Qxc4 34.
a3 Qb3 35. h4 Qxa3 36. h5 gxh5 37. Be4 Qb4 38. Rd4 1-0

[Event "Titled Tue 24th Jun Late"]
[Site "chess.com INT"]
[Date "2025.06.24"]
[Round "8"]
[White "Sjugirov, Sanan"]
[Black "Kobo, Ori"]
[Result "1-0"]
[WhiteTitle "GM"]
[BlackTitle "GM"]
[WhiteElo "2635"]
[BlackElo "2493"]
[WhiteFideId "4189302"]
[BlackFideId "2812320"]
[EventDate "2025.06.24"]

1. Nf3 d5 2. g3 Nd7 3. Bg2 e5 4. O-O Ngf6 5. d4 exd4 6. Qxd4 Bc5 7. Qd3 O-O 8.
Nc3 c6 9. Bf4 Qe7 10. Na4 Bb6 11. Nxb6 axb6 12. Qe3 Qxe3 13. Bxe3 Re8 14. a4 Ng4
15. Bd2 Rxe2 16. Rfe1 Rxe1+ 17. Rxe1 Ngf6 18. b3 Kf8 19. Be3 Ne4 20. Ng5 Nxg5
21. Bxg5 f6 22. Bf4 Ne5 23. Be3 Bf5 24. Rc1 Nd7 25. h3 Kf7 26. c4 dxc4 27. Rxc4
Be6 28. Rc3 Re8 29. Kh2 g5 30. Bf3 Kg7 31. b4 Ne5 32. Bg2 Nc4 33. b5 Bd5 34. Bd4
Re2 35. Bxd5 cxd5 36. Rf3 Re6 37. Rf5 Rd6 38. Rxg5+ Kf7 39. Rh5 Kg6 40. g4 Nd2
41. Kg2 Nb3 42. Bb2 d4 43. Ba3 Rd7 44. Bf8 d3 45. Rh6+ Kg5 46. Kg3 f5 47. f4# 1-0

[Event "Titled Tue 24th Jun Late"]
[Site "chess.com INT"]
[Date "2025.06.24"]
[Round "8"]
[White "Vaganian, Rafael A"]
[Black "Gelman, Alexander"]
[Result "0-1"]
[WhiteTitle "GM"]
[BlackTitle "IM"]
[WhiteElo "2449"]
[BlackElo "2403"]
[WhiteFideId "13300016"]
[BlackFideId "4118316"]
[EventDate "2025.06.24"]

1. d4 Nf6 2. Nf3 c5 3. e3 d6 4. Bd3 Nbd7 5. O-O e6 6. c4 a6 7. Nc3 b6 8. e4 cxd4
9. Nxd4 Bb7 10. Re1 Be7 11. Bf1 Rc8 12. f3 h6 13. Be3 g5 14. Rc1 Rg8 15. Qd2 g4
16. Qf2 gxf3 17. Qxf3 Ne5 18. Qh3 Nfg4 19. Bf4 Bg5 20. Bxg5 Qxg5 21. b3 Qd2 22.
Nde2 Ne3 23. Nb1 Nxf1 24. Nxd2 Nxd2 25. Ng3 Nd3 26. Red1 Nxc1 27. Rxd2 b5 28.
Nh5 Rg6 29. Qh4 bxc4 30. Rc2 Nd3 31. Rxc4 Rxc4 32. bxc4 Ne5 33. Nf6+ Kf8 34. Nh5
Nf3+ 0-1

[Event "Titled Tue 24th Jun Late"]
[Site "chess.com INT"]
[Date "2025.06.24"]
[Round "8"]
[White "Mkrtchyan, Mariam"]
[Black "Ersoz, Teoman Guney"]
[Result "1-0"]
[WhiteTitle "WIM"]
[BlackTitle "CM"]
[WhiteElo "2307"]
[BlackElo "2052"]
[WhiteFideId "13310828"]
[BlackFideId "44537050"]
[EventDate "2025.06.24"]

1. Nf3 Nf6 2. c4 c5 3. g3 g6 4. Bg2 Bg7 5. d4 cxd4 6. Nxd4 Nc6 7. O-O O-O 8. Nc3
d6 9. Nxc6 bxc6 10. Bxc6 Bh3 11. Bxa8 Qxa8 12. f3 Bxf1 13. Kxf1 Qc6 14. Qd3 Rc8
15. Be3 a5 16. b3 Nd7 17. Rc1 Nc5 18. Qd5 Qxd5 19. Nxd5 Kf8 20. Bxc5 Rxc5 21. e4
e6 22. Nb6 Ke7 23. Ke2 Rc6 24. Na4 h5 25. Kd3 Be5 26. Rc2 Kd7 27. c5 dxc5 28.
Rxc5 Rxc5 29. Nxc5+ Kc6 30. Kc4 h4 31. f4 Bd6 32. Nd3 hxg3 33. hxg3 f5 34. exf5
gxf5 35. Ne5+ Kb6 36. Nf3 Bc7 37. Nd4 e5 38. fxe5 Bxe5 39. Nxf5 a4 40. b4 Bf6
41. g4 Bg5 42. b5 a3 43. Nd4 Bf6 44. Ne6 Be5 45. g5 Ka5 46. g6 Bf6 47. g7 1-0

[Event "Titled Tue 24th Jun Late"]
[Site "chess.com INT"]
[Date "2025.06.24"]
[Round "8"]
[White "Mekhane, Adam"]
[Black "Sitnic, Adnan"]
[Result "1-0"]
[WhiteTitle "FM"]
[BlackTitle "CM"]
[WhiteElo "2361"]
[BlackElo "2058"]
[WhiteFideId "36050601"]
[BlackFideId "14403854"]
[EventDate "2025.06.24"]

1. d4 Nf6 2. Nf3 e6 3. Bf4 b5 4. Nbd2 Be7 5. e4 b4 6. Bd3 d5 7. e5 Nfd7 8. h4 c5
9. c3 Nc6 10. h5 h6 11. O-O bxc3 12. bxc3 Nb6 13. dxc5 Bxc5 14. Nb3 Be7 15. Nbd4
Bd7 16. Nxc6 Bxc6 17. Nd4 Bd7 18. Qg4 Bg5 19. Bg3 Qc7 20. Nb5 Bxb5 21. Bxb5+ Kf8
22. f4 Be7 23. f5 Qc5+ 24. Kh1 Qxb5 25. fxe6 f6 26. exf6 gxf6 27. Qg6 Qe8 28.
Rxf6+ Bxf6 29. Bd6+ Qe7 30. Qxf6+ Kg8 31. Bxe7 Rh7 32. Rf1 d4 33. Qg6+ Rg7 34.
Qe4 Rxe7 35. cxd4 Rd8 36. Rf6 Rg7 37. Rg6 Nd5 38. Rxg7+ Kxg7 39. Qg6+ Kh8 40. e7
Nxe7 41. Qf6+ Kg8 42. Qxe7 Rxd4 43. Qe8+ Kh7 44. Qf7+ Kh8 45. Qf6+ Kh7 46. Qxd4
a5 47. Qd7+ Kg8 48. Qe7 a4 49. Kh2 a3 50. Kg3 Kh8 51. Kf4 Kg8 52. Kf5 Kh8 53.
Kg6 Kg8 54. g3 Kh8 55. g4 Kg8 56. Qg7# 1-0

[Event "Titled Tue 24th Jun Late"]
[Site "chess.com INT"]
[Date "2025.06.24"]
[Round "8"]
[White "Gorbenko, Rustem"]
[Black "Tang, Zoey"]
[Result "0-1"]
[WhiteTitle "CM"]
[BlackTitle "FM"]
[WhiteElo "2201"]
[BlackElo "2356"]
[WhiteFideId "14111438"]
[BlackFideId "30952530"]
[EventDate "2025.06.24"]

1. d4 Nf6 2. c4 g6 3. Nc3 d5 4. cxd5 Nxd5 5. e4 Nxc3 6. bxc3 Bg7 7. Nf3 c5 8.
Rb1 O-O 9. Be2 cxd4 10. cxd4 Qa5+ 11. Bd2 Qxa2 12. O-O Bg4 13. Rb4 Nc6 14. Bc4
Qa3 15. Rb3 Qd6 16. Rxb7 Nxd4 17. Bb4 Qf4 18. Qd2 Nxf3+ 19. gxf3 Qxf3 20. Qe3
Rab8 21. Rxb8 Rxb8 22. Bxe7 Re8 23. Bc5 Rxe4 24. Qd3 Qxd3 25. Bxd3 Ra4 26. Rb1
Bd4 27. Bxd4 Rxd4 0-1

[Event "Titled Tue 24th Jun Late"]
[Site "chess.com INT"]
[Date "2025.06.24"]
[Round "8"]
[White "Mikhalevski, Victor"]
[Black "Volodin, Alexandr E."]
[Result "0-1"]
[WhiteTitle "GM"]
[BlackTitle "FM"]
[WhiteElo "2492"]
[BlackElo "2344"]
[WhiteFideId "2801914"]
[BlackFideId "34268871"]
[EventDate "2025.06.24"]

1. g3 d5 2. Nf3 Nf6 3. Bg2 e6 4. O-O Be7 5. c4 d4 6. e3 c5 7. d3 h6 8. exd4 cxd4
9. Ne5 O-O 10. Re1 Nbd7 11. Bf4 g5 12. Nxd7 Bxd7 13. Be5 Bc6 14. Bxf6 Bxf6 15.
b4 Bg7 16. Nd2 a5 17. b5 Bxg2 18. Kxg2 e5 19. Qh5 f5 20. Rac1 Rc8 21. Qf3 Qd7
22. Qd5+ Qxd5+ 23. cxd5 Rcd8 24. Rc7 Rf7 25. Rec1 Rdd7 26. b6 Kf8 27. a4 Bf6 28.
Nb3 Bd8 29. Nc5 Rxd5 30. Ne6+ Ke8 31. Rc8 Ke7 32. Nc5 Bxb6 33. Nxb7 e4 34. R8c6
Bd8 35. Re1 e3 36. fxe3 dxe3 37. Rxe3+ Kf8 38. Rc8 Rxb7 39. Re6 Rb2+ 40. Kf3
Rxd3+ 41. Re3 g4+ 42. Kf4 Rf2+ 0-1

[Event "Titled Tue 24th Jun Late"]
[Site "chess.com INT"]
[Date "2025.06.24"]
[Round "8"]
[White "Fomevor, Cephas Clinton"]
[Black "Pica, Eleni"]
[Result "1-0"]
[WhiteTitle "CM"]
[BlackTitle "WCM"]
[WhiteElo "1883"]
[BlackElo "1686"]
[WhiteFideId "12601330"]
[BlackFideId "5910005"]
[EventDate "2025.06.24"]

1. d4 d5 2. c4 e6 3. Nc3 Be7 4. cxd5 exd5 5. Qc2 c6 6. Nf3 Nf6 7. Bg5 h6 8. Bh4
O-O 9. e3 Bg4 10. Ne5 Be6 11. Bd3 Nbd7 12. f4 c5 13. f5 Nxe5 14. dxe5 Ng4 15.
Bxe7 Qxe7 16. Qe2 Bxf5 17. Bxf5 Nxe5 18. O-O Rad8 19. Rad1 d4 20. exd4 Rxd4 21.
Rde1 f6 22. Bb1 Rfd8 23. Rd1 Qc7 24. Nb5 Qb6 25. Nxd4 cxd4 26. Kh1 a6 27. b3 Qc5
28. Qe4 Nc6 29. Qh7+ Kf7 30. Bg6+ Kf8 31. Qh8+ Ke7 32. Qxg7+ Kd6 33. Rxf6+ 1-0

[Event "Titled Tue 24th Jun Late"]
[Site "chess.com INT"]
[Date "2025.06.24"]
[Round "8"]
[White "Paravyan, David"]
[Black "Atanasov, Anthony"]
[Result "1-0"]
[WhiteTitle "GM"]
[BlackTitle "IM"]
[WhiteElo "2589"]
[BlackElo "2417"]
[WhiteFideId "4194985"]
[BlackFideId "2623897"]
[EventDate "2025.06.24"]

1. e4 e5 2. Nf3 Nf6 3. Nxe5 d6 4. Nf3 Nxe4 5. Bd3 d5 6. Qe2 Be7 7. Bxe4 dxe4 8.
Qxe4 O-O 9. O-O Nc6 10. d4 Be6 11. Nc3 Nb4 12. Bd2 Qd7 13. Ne5 Qc8 14. d5 Bf5
15. Ng6 hxg6 16. Qxe7 Nxc2 17. Rac1 Nd4 18. Be3 Re8 19. Qc5 Nc2 20. Bf4 b6 21.
Qxc7 Nb4 22. Qxc8 Rexc8 23. Rcd1 Bd3 24. Rfe1 Bc2 25. Rd4 Nd3 26. Re2 Bb1 27. d6
Nxf4 28. Rxf4 Rc6 29. d7 Kf8 30. g4 Rd8 31. Nxb1 Rc1+ 32. Kg2 Rxb1 33. Rfe4 1-0

[Event "Titled Tue 24th Jun Late"]
[Site "chess.com INT"]
[Date "2025.06.24"]
[Round "8"]
[White "Garcia Hernandez, Rebeca"]
[Black "Gerbelli Neto, Eduardo"]
[Result "0-1"]
[WhiteTitle "WCM"]
[WhiteElo "1904"]
[BlackElo "2114"]
[WhiteFideId "5180872"]
[BlackFideId "2103281"]
[EventDate "2025.06.24"]

1. Nf3 Nf6 2. g3 c5 3. Bg2 Nc6 4. O-O e5 5. d3 Be7 6. c4 d5 7. cxd5 Nxd5 8. Nc3
Nc7 9. b3 O-O 10. Bb2 f5 11. Rc1 Bf6 12. Na4 b6 13. a3 Bd7 14. Qc2 Rc8 15. e3
Qe8 16. Rfd1 f4 17. d4 cxd4 18. exd4 e4 19. Ne5 f3 20. Bf1 Nxe5 21. dxe5 Bxa4
22. exf6 Bd7 23. fxg7 Rf7 24. Bc4 Be6 25. Bf1 Nd5 26. Qd2 e3 27. Rxc8 Qxc8 28.
fxe3 f2+ 29. Kh1 Bg4 30. Rc1 Bf3+ 31. Bg2 Bxg2+ 32. Kxg2 Qe6 0-1

[Event "Titled Tue 24th Jun Late"]
[Site "chess.com INT"]
[Date "2025.06.24"]
[Round "8"]
[White "Smirnov, Alexandr A."]
[Black "Fandi, Mazen"]
[Result "1/2-1/2"]
[WhiteTitle "FM"]
[BlackTitle "FM"]
[WhiteElo "2136"]
[BlackElo "2302"]
[WhiteFideId "24104396"]
[BlackFideId "7611625"]
[EventDate "2025.06.24"]

1. e4 c6 2. d4 d5 3. exd5 cxd5 4. Bd3 Nc6 5. c3 Nf6 6. h3 e5 7. dxe5 Nxe5 8. Bc2
Bd6 9. Nf3 Nxf3+ 10. Qxf3 Qe7+ 11. Qe3 O-O 12. Qxe7 Bxe7 13. O-O Bc5 14. Nd2 Bd7
15. Nb3 Bb6 16. Bf4 Rfe8 17. Rfe1 Ba4 18. Rad1 Rxe1+ 19. Rxe1 Re8 20. Rxe8+ Nxe8
21. Nd4 Bxc2 22. Nxc2 f6 23. Kf1 Kf7 24. Ke2 Ke6 25. Be3 Bxe3 26. Kxe3 Nd6 27.
Kd4 b6 28. Ne3 Nb5+ 29. Kd3 Nd6 30. a4 Ne4 31. Kd4 Nxf2 32. Nxd5 Kd6 33. Ne3 Ke6
34. b4 f5 35. c4 Ne4 36. c5 bxc5+ 37. bxc5 g6 38. g4 Nf2 39. gxf5+ gxf5 40. h4
Ng4 41. Nxg4 fxg4 42. h5 g3 43. Ke3 Kd5 44. Kf3 Kxc5 45. Kxg3 Kb4 46. Kf4 Kxa4
47. Kg5 Kb5 48. Kh6 a5 49. Kxh7 a4 50. h6 a3 51. Kg8 a2 52. h7 a1=Q 53. h8=Q
Qa8+ 54. Kh7 Qh1+ 55. Kg8 Qxh8+ 56. Kxh8 1/2-1/2

[Event "Titled Tue 24th Jun Late"]
[Site "chess.com INT"]
[Date "2025.06.24"]
[Round "8"]
[White "Moeller, Maurin"]
[Black "Hansen, Eric"]
[Result "0-1"]
[WhiteTitle "FM"]
[BlackTitle "GM"]
[WhiteElo "2336"]
[BlackElo "2609"]
[WhiteFideId "16265696"]
[BlackFideId "2606771"]
[EventDate "2025.06.24"]

1. Nf3 g6 2. c4 Bg7 3. e3 Nf6 4. Nc3 O-O 5. Qc2 c5 6. b3 b6 7. Bb2 Bb7 8. Be2
Nc6 9. O-O e6 10. d4 cxd4 11. exd4 d5 12. Rad1 Rc8 13. Rfe1 Re8 14. a3 dxc4 15.
bxc4 Na5 16. Qa4 Qd7 17. Ne5 Qxa4 18. Nxa4 Red8 19. Bc3 Nb3 20. Nb2 Ne4 21. Bb4
Nxd4 22. Ned3 a5 23. Bd2 Nxd2 24. Rxd2 Ba6 25. Bf1 Bh6 26. Rdd1 Nc2 27. Re4 Nxa3
28. Ne5 Rxd1 29. Nxd1 Bg7 30. Ne3 Bxe5 31. Rxe5 Nxc4 32. Nxc4 Bxc4 33. g3 Bxf1
34. Kxf1 a4 35. Rb5 a3 0-1

[Event "Titled Tue 24th Jun Late"]
[Site "chess.com INT"]
[Date "2025.06.24"]
[Round "8"]
[White "Milare, Tyron"]
[Black "Sharankov, Grigory"]
[Result "0-1"]
[WhiteTitle "FM"]
[BlackTitle "CM"]
[WhiteElo "2248"]
[BlackElo "2238"]
[WhiteFideId "12987018"]
[BlackFideId "4168356"]
[EventDate "2025.06.24"]

1. d4 Nf6 2. c4 e6 3. Nf3 a6 4. g3 b5 5. cxb5 axb5 6. Qb3 b4 7. Bd2 Bb7 8. Bxb4
Bd5 9. Qa3 Rxa3 10. bxa3 Nc6 11. Bd2 Nxd4 12. Nxd4 Bxh1 13. f3 Bc5 14. Nb3 Bg1
15. Nc3 Qa8 16. Nb5 O-O 17. N5d4 c5 18. Nb5 c4 19. N3d4 Qd5 20. e4 Nxe4 21. fxe4
Bxe4 22. Bc3 Bxh2 23. O-O-O Bxg3 24. a4 Bf4+ 25. Kb2 Bd3 26. Bxd3 cxd3 27. Nb3
h5 28. N5d4 Rb8 29. a5 h4 30. a6 h3 31. a7 Ra8 32. Rxd3 e5 33. Rxh3 exd4 34.
Bxd4 Be5 35. Rd3 Rxa7 36. Kc2 Rxa2+ 37. Kb1 Rh2 38. Nc5 Qh1+ 0-1

[Event "Titled Tue 24th Jun Late"]
[Site "chess.com INT"]
[Date "2025.06.24"]
[Round "8"]
[White "Pontes, Luiz Felizola Lima"]
[Black "Klys, Kacper"]
[Result "0-1"]
[BlackTitle "CM"]
[WhiteElo "2062"]
[BlackElo "2218"]
[WhiteFideId "44709919"]
[BlackFideId "21005281"]
[EventDate "2025.06.24"]

1. Nf3 d5 2. g3 Nc6 3. Bg2 e5 4. d4 e4 5. Ne5 Nce7 6. h3 h5 7. c4 f6 8. Qa4+ c6
9. Nxc6 bxc6 10. cxd5 Bd7 11. dxc6 Bxc6 12. Qc2 f5 13. Nc3 Nf6 14. Bg5 Rc8 15.
Rd1 Qa5 16. O-O Nh7 17. Bxe7 Bxe7 18. d5 Bxd5 19. Rxd5 Qxd5 20. Nxd5 Rxc2 21. f3
Rxe2 22. fxe4 fxe4 23. Rd1 Nf6 24. Nf4 Rxb2 25. Ng6 Rh6 26. Ne5 Rxa2 27. Rc1 Bd8
28. Rc8 Rd2 29. Nc6 e3 30. Kf1 Ng8 31. Bd5 Rxd5 32. Ke2 Rdd6 33. Ne5 Rhe6 34.
Nc4 Rd4 35. Na5 Nf6 36. Nb7 Ne4 37. Kxe3 Nd6+ 38. Kxd4 Nxc8 39. Kd5 Rb6 40. Nc5
Rb5 41. Kc6 Rxc5+ 42. Kxc5 Bc7 43. Kc6 Bxg3 44. Kb7 Bf2 45. Ka6 g5 46. h4 gxh4
47. Kb7 h3 48. Ka6 h2 49. Kb5 h1=Q 50. Ka5 Qb7 51. Ka4 Bc5 52. Ka5 Qb6+ 53. Ka4
Qb4# 0-1

[Event "Titled Tue 24th Jun Late"]
[Site "chess.com INT"]
[Date "2025.06.24"]
[Round "8"]
[White "Yang, Larry"]
[Black "Yevchenko, Oleksandr"]
[Result "1/2-1/2"]
[BlackTitle "CM"]
[WhiteElo "2017"]
[BlackElo "2276"]
[WhiteFideId "2637618"]
[BlackFideId "14108267"]
[EventDate "2025.06.24"]

1. e4 c5 2. Nf3 d6 3. Bb5+ Bd7 4. Bxd7+ Qxd7 5. O-O Nf6 6. Re1 Nc6 7. c3 Rc8 8.
d4 cxd4 9. cxd4 d5 10. e5 Ne4 11. Nbd2 Nxd2 12. Bxd2 e6 13. Rc1 Be7 14. a3 O-O
15. Rc3 h6 16. b4 a6 17. Qc2 Na7 18. Rc1 Rxc3 19. Qxc3 Rc8 20. Qb2 Rxc1+ 21.
Qxc1 Qc6 22. Qxc6 Nxc6 23. Bc3 f6 24. exf6 gxf6 25. Kf1 Kf7 26. Ke2 Bd6 27. Bd2
h5 28. h4 e5 29. dxe5 fxe5 30. Ng5+ Kg6 31. Be3 e4 32. Bc1 Nd4+ 33. Kd1 Nf5 34.
g3 e3 35. Bxe3 Nxe3+ 36. fxe3 Bxg3 37. Nf3 Kf5 38. Ke2 Kg4 39. Nd4 Bxh4 40. Ne6
Bf6 41. Nc5 b6 42. Nxa6 Kg3 43. Nc7 d4 44. Nd5 Be5 45. Nxb6 h4 46. Nc4 h3 47.
Nd2 dxe3 48. Kxe3 Bf4+ 49. Ke2 Bxd2 50. Kxd2 h2 51. Kc3 h1=Q 52. a4 Qa1+ 53. Kb3
Qb1+ 54. Kc4 Qf1+ 55. Kc5 Qf2+ 56. Kb5 Qf5+ 57. Kb6 Qe6+ 58. Kb5 Qd5+ 59. Kb6
Qc4 60. Ka5 Kf4 61. b5 Ke5 62. b6 Qc5+ 63. Ka6 Qc4+ 64. Ka5 Qc3+ 65. Ka6 Kd6 66.
b7 Kc7 67. a5 Qb4 68. b8=Q+ Qxb8 1/2-1/2

[Event "Titled Tue 24th Jun Late"]
[Site "chess.com INT"]
[Date "2025.06.24"]
[Round "8"]
[White "Nayak, Rajesh"]
[Black "Fernandes, Rogerio Paulo Muller"]
[Result "1-0"]
[WhiteTitle "FM"]
[WhiteElo "2262"]
[BlackElo "2241"]
[WhiteFideId "35017152"]
[BlackFideId "2101599"]
[EventDate "2025.06.24"]

1. d4 Nf6 2. Nc3 c5 3. d5 d6 4. e4 g6 5. Nf3 Bg7 6. Be2 O-O 7. O-O Bg4 8. h3
Bxf3 9. Bxf3 Nbd7 10. Be2 a6 11. a4 Rb8 12. a5 Ne8 13. Ra3 Nc7 14. f4 b5 15.
axb6 Rxb6 16. Kh1 Qb8 17. Bg4 Nf6 18. Bf3 Rb4 19. e5 Nfe8 20. Re1 Nb5 21. Nxb5
axb5 22. c3 Ra4 23. Rxa4 bxa4 24. Qxa4 dxe5 25. Qe4 Nd6 26. Qe2 exf4 27. Bxf4
Qb6 28. Qxe7 Nf5 29. Qe2 Bh6 30. Bh2 c4 31. Bg4 Nd6 32. Qe7 1-0

[Event "Titled Tue 24th Jun Late"]
[Site "chess.com INT"]
[Date "2025.06.24"]
[Round "8"]
[White "Schuster, Karsten"]
[Black "Meruga, Shanmukha"]
[Result "1/2-1/2"]
[WhiteTitle "FM"]
[WhiteElo "2266"]
[BlackElo "1985"]
[WhiteFideId "4611071"]
[BlackFideId "30908183"]
[EventDate "2025.06.24"]

1. e4 Nf6 2. Nc3 e5 3. Bc4 Nc6 4. d3 Bc5 5. Nf3 d6 6. h3 Be6 7. Bb3 O-O 8. O-O
Nd4 9. Nxd4 Bxd4 10. Ne2 Bb6 11. Bg5 h6 12. Bh4 g5 13. Bg3 Nh5 14. Kh2 Bxb3 15.
axb3 f5 16. exf5 Rxf5 17. Nc3 Nf4 18. Bxf4 Rxf4 19. Qh5 Kg7 20. Nd5 Rf7 21. Nxb6
axb6 22. Rxa8 Qxa8 23. h4 Qd8 24. hxg5 Qxg5 25. Qxg5+ hxg5 26. Kg3 Kg6 27. Ra1
c6 28. Ra8 d5 29. Re8 Kf5 30. f3 b5 31. b4 Rh7 32. Rf8+ Ke6 33. Rg8 Kf6 34. Rb8
Kf5 35. Kf2 Rf7 36. Ke3 g4 37. fxg4+ Kxg4 38. Rg8+ Kf5 39. c3 Ke6 40. Rg6+ Kf5
41. Rg8 Ke6 42. g3 Kd6 43. Rg6+ Kc7 44. Re6 Rf5 45. g4 Rg5 46. Kf3 Kd7 47. Rh6
Rg7 48. Kg3 b6 49. Kh4 e4 50. dxe4 dxe4 51. Kg3 Rf7 52. g5 e3 53. Rh2 Ke6 54.
Re2 Kf5 55. Rxe3 Kxg5 56. Re6 Rf6 57. Rxf6 Kxf6 58. Kf4 Ke6 59. Ke4 Kd6 60. b3
c5 61. bxc5+ bxc5 62. c4 bxc4 63. bxc4 Ke6 64. Kf4 Kf6 65. Ke4 Ke6 66. Kf4 Kf6
67. Ke4 Ke6 1/2-1/2

[Event "Titled Tue 24th Jun Late"]
[Site "chess.com INT"]
[Date "2025.06.24"]
[Round "8"]
[White "Levano Loayza, Adriano Jaffet"]
[Black "Goncharov, Vladimir"]
[Result "1-0"]
[WhiteTitle "CM"]
[WhiteElo "2023"]
[BlackElo "2077"]
[WhiteFideId "3865584"]
[BlackFideId "34162256"]
[EventDate "2025.06.24"]

1. d4 Nf6 2. c4 c5 3. d5 e6 4. Nc3 exd5 5. cxd5 d6 6. Bf4 a6 7. a4 Be7 8. Nf3
Nbd7 9. h3 Nf8 10. e3 Ng6 11. Bh2 O-O 12. Be2 Re8 13. O-O Bf8 14. Nd2 Ne5 15.
Nc4 Nxc4 16. Bxc4 Rb8 17. Qd3 Nd7 18. f4 g6 19. e4 Bg7 20. Rae1 Qc7 21. Kh1 Nb6
22. Ba2 c4 23. Qd2 Bd7 24. a5 Nc8 25. Nb1 b6 26. axb6 Qxb6 27. Bxc4 Bxb2 28. e5
Bb5 29. Qd3 Bxc4 30. Qxc4 Qb5 31. Qa2 Nb6 32. e6 Bf6 33. exf7+ Kxf7 34. Rd1 Re2
35. Qa3 Nc4 36. Qd3 Rbe8 37. f5 g5 38. Nc3 Bxc3 39. Qxc3 Ne5 40. Qc7+ Qd7 41.
Qb6 Rc8 42. Bxe5 Rxe5 43. Qxa6 1-0

[Event "Titled Tue 24th Jun Late"]
[Site "chess.com INT"]
[Date "2025.06.24"]
[Round "8"]
[White "Nguyen, Ngoc Truong Son"]
[Black "Haddouche, Mohamed"]
[Result "1-0"]
[WhiteTitle "GM"]
[BlackTitle "GM"]
[WhiteElo "2600"]
[BlackElo "2490"]
[WhiteFideId "12401110"]
[BlackFideId "7900660"]
[EventDate "2025.06.24"]

1. e4 e5 2. Nf3 d6 3. d4 exd4 4. Nxd4 Nf6 5. Nc3 Be7 6. Be2 O-O 7. O-O Re8 8.
Re1 Bf8 9. Bf1 c6 10. Bg5 Nbd7 11. Nf5 Ne5 12. h3 h6 13. Bh4 Ng6 14. Bg3 d5 15.
Qf3 Ne5 16. Bxe5 Rxe5 17. Qg3 Rxf5 18. exf5 Bxf5 19. Bd3 Bd7 20. Ne2 c5 21. c3
Bc6 22. Rad1 Qb6 23. b3 Rd8 24. Qe3 Qc7 25. Bb1 Bd6 26. Ng3 g6 27. Qxh6 Bf8 28.
Qg5 Bg7 29. Qe5 Qa5 30. Qe3 d4 31. cxd4 cxd4 32. Qd2 Qb6 33. Be4 Nxe4 34. Nxe4
d3 35. Qg5 Qd4 36. Qe3 Qb4 37. Qc5 1-0

[Event "Titled Tue 24th Jun Late"]
[Site "chess.com INT"]
[Date "2025.06.24"]
[Round "8"]
[White "Yao, Hanchi"]
[Black "Morris-Suzuki, Alan H"]
[Result "0-1"]
[WhiteElo "2129"]
[BlackElo "1987"]
[WhiteFideId "30957397"]
[BlackFideId "30933218"]
[EventDate "2025.06.24"]

1. d4 g6 2. e4 Bg7 3. c4 d6 4. Nc3 e5 5. d5 a5 6. Be2 Na6 7. Be3 Bh6 8. Qd2 Bxe3
9. Qxe3 Nc5 10. Nf3 Nf6 11. Nd2 Bd7 12. O-O Kf8 13. Qh6+ Kg8 14. f4 Qe7 15. Rf2
Ng4 16. Bxg4 Bxg4 17. f5 Nd3 18. Rff1 Nf4 19. Rae1 f6 20. h3 Bh5 21. g4 Nxh3+
22. Kh2 Bxg4 23. Re3 Qg7 24. Qh4 h5 25. fxg6 Rf8 26. Rxh3 Bxh3 27. Qxh3 Rh6 28.
Nf3 Rxg6 29. Nh4 Rg4 30. Nf5 Qg5 31. Ne2 Kh7 32. Rg1 Rxg1 33. Nxg1 Rg8 34. Nf3
Qf4+ 35. Kh1 Qc1+ 36. Kh2 Qxb2+ 37. Kh1 Qa1+ 38. Kh2 Qxa2+ 39. Kh1 Qb1+ 40. Kh2
Qc2+ 41. Kh1 Qd1+ 42. Kh2 Qe2+ 43. Kh1 Qd1+ 44. Kh2 Qc2+ 45. Kh1 Qc1+ 46. Kh2
Qf4+ 47. Kh1 Qg4 48. Qf1 Qxe4 49. Qh3 Qg4 50. Qf1 Qxf5 0-1

[Event "Titled Tue 24th Jun Late"]
[Site "chess.com INT"]
[Date "2025.06.24"]
[Round "8"]
[White "Tikhonov, Viacheslav"]
[Black "Rozman, Levy"]
[Result "0-1"]
[WhiteTitle "CM"]
[BlackTitle "IM"]
[WhiteElo "2183"]
[BlackElo "2324"]
[WhiteFideId "44196407"]
[BlackFideId "2039877"]
[EventDate "2025.06.24"]

1. e4 e6 2. d4 d5 3. Nc3 dxe4 4. Nxe4 Nf6 5. Nxf6+ gxf6 6. g3 Nc6 7. Nf3 e5 8.
d5 Nb4 9. Bb5+ Bd7 10. Bxd7+ Qxd7 11. c4 e4 12. O-O exf3 13. Re1+ Kd8 14. a3 Nc2
15. Qxf3 Be7 16. Bf4 Nxa1 17. Rxa1 Re8 18. Qb3 b6 19. Qd3 Bd6 20. Be3 Bc5 21.
Bf4 f5 22. b4 Bd6 23. Bg5+ Be7 24. Bf4 Bf6 25. Rc1 c5 26. bxc5 bxc5 27. Rb1 Ke7
28. Bh6 Bd4 29. Qd2 f6 30. Qe2+ Kf7 31. Qf3 Kg6 32. d6 Rab8 33. Rd1 Kxh6 34.
Qf4+ Kg6 35. h4 h5 36. a4 Rb2 37. Rf1 Rxf2 38. Rxf2 Re2 0-1

[Event "Titled Tue 24th Jun Late"]
[Site "chess.com INT"]
[Date "2025.06.24"]
[Round "8"]
[White "Aalto, Patrik"]
[Black "Linares Orellana, Hector Jose"]
[Result "0-1"]
[WhiteTitle "FM"]
[BlackTitle "FM"]
[WhiteElo "2316"]
[BlackElo "2111"]
[WhiteFideId "510726"]
[BlackFideId "7304307"]
[EventDate "2025.06.24"]

1. c4 e6 2. Nf3 d5 3. g3 Nf6 4. Bg2 Be7 5. O-O O-O 6. b3 d4 7. e3 c5 8. Ne5 Qc7
9. f4 Rd8 10. Qe2 Nbd7 11. Nd3 Rb8 12. Bb2 e5 13. fxe5 Nxe5 14. exd4 Nxd3 15.
Qxd3 cxd4 16. Na3 a6 17. Rae1 Be6 18. Nc2 Bc5 19. b4 Ba7 20. c5 Bxa2 21. Nxd4 b6
22. Qf5 Bd5 23. c6 b5 24. Rf4 Qxc6 25. Bxd5 Qxd5 26. Qxd5 Rxd5 27. Kf1 Bxd4 28.
Rxd4 h6 29. Rxd5 Nxd5 30. Re4 Rc8 31. Ke2 Rc2 32. Be5 f6 33. Bd4 Kf7 34. Kd1 Rc4
35. Rh4 g5 36. Re4 f5 37. Re5 Rxd4 38. Rxf5+ Ke6 39. Rf8 Nxb4 40. Ke2 a5 41. Rh8
Kd5 42. Rxh6 a4 43. Rb6 Kc4 44. Rb8 a3 45. Rc8+ Kb3 46. Rc3+ Kb2 47. Rc8 a2 0-1